"Sandanski-2": European East-West coordination meeting on nuclear science (Запись № 2573551)

Подробности
000 -МАРКЕР
контрольное поле 01651nam0a2200313 4500
001 - ИДЕНТИФИКАТОР ЗАПИСИ
контрольное поле RU\NLR\b_ik\90701
005 - ИДЕНТИФИКАТОР ВЕРСИИ
контрольное поле 20260407081603.0
035 ## - ДРУГИЕ СИСТЕМНЫЕ НОМЕРА
Идентификатор записи (NLR Aleph) 002164760
100 ## - ДАННЫЕ ОБЩЕЙ ОБРАБОТКИ
Данные общей обработки 20020823d2001 |||y0rusy50 ca
101 0# - ЯЗЫК РЕСУРСА
Язык текста, звукозаписи и т.д. английский
102 ## - СТРАНА ПУБЛИКАЦИИ ИЛИ ПРОИЗВОДСТВА
Страна публикации российская федерация
105 ## - ПОЛЕ КОДИРОВАННЫХ ДАННЫХ: ТЕКСТОВЫЕ МАТЕРИАЛЫ, МОНОГРАФИЧЕСКИЕ
Кодированные данные о монографическом текстовом документе y |||||||||
200 1# - ЗАГЛАВИЕ И СВЕДЕНИЯ ОБ ОТВЕТСТВЕННОСТИ
Основное заглавие "Sandanski-2": European East-West coordination meeting on nuclear science
Первые сведения об ответственности W. von Oertzen, R. Kalpakchieva
210 ## - ПУБЛИКАЦИЯ, РАСПРОСТРАНЕНИЕ И ДР.
Место издания, распространения и т.д. Dubna
Имя издателя, распространителя и т. д. Joint inst. for nuclear research
Дата издания, распространения и т.д. 2001
215 ## - ФИЗИЧЕСКАЯ ХАРАКТЕРИСТИКА
Специфическое обозначение материала и объем 24 с.
Размеры 22
225 1# - СЕРИЯ
Основное заглавие серии Сообщения Объединенного института ядерных исследований, Дубна
Обозначение тома E7-2001-239
300 ## - ОБЩИЕ ПРИМЕЧАНИЯ
Текст примечания На 3-й с. обл.: "Сандански-2": Европ. совещание по сотрудничеству Восток-Запад в области ядерной науки / фон Эрцен В., Калпакчиева Р.
300 ## - ОБЩИЕ ПРИМЕЧАНИЯ
Текст примечания Рез. на рус. яз.
541 0# - ПЕРЕВОД ЗАГЛАВИЯ, СДЕЛАННЫЙ КАТАЛОГИЗАТОРОМ
Заглавие "Сандански-2": Европейское совещание по сотрудничеству Восток-Запад в области ядерной науки
Язык заглавия русский
606 0# - НАИМЕНОВАНИЕ ТЕМЫ КАК ПРЕДМЕТ
Наименование темы Ядерная медицина
Формальный подзаголовок Съезды, совещания и т.п.
Системный номер авторитетной/нормативной записи 1040201
Идентификатор авторитетной/нормативной записи RU\NLR\AUTH\6682507
686 1# - ИНДЕКСЫ ДРУГИХ КЛАССИФИКАЦИЙ
Индекс Р36я431(3)
700 #1 - ИМЯ ЛИЦА - ПЕРВИЧНАЯ ОТВЕТСТВЕННОСТЬ
Начальный элемент ввода Oertzen
Часть имени, кроме начального элемента ввода W.
Даты 1939-
Расширение инициалов личного имени W. von
Код отношения Автор
701 #1 - ИМЯ ЛИЦА - АЛЬТЕРНАТИВНАЯ ОТВЕТСТВЕННОСТЬ
Начальный элемент ввода Kalpakčieva
Часть имени, кроме начального элемента ввода R. G.
Расширение инициалов личного имени Rumjana Georgievna
Код отношения Автор
711 12 - НАИМЕНОВАНИЕ ОРГАНИЗАЦИИ - АЛЬТЕРНАТИВНАЯ ОТВЕТСТВЕННОСТЬ
Материалы, к которым относится поле eng
Начальный элемент ввода European East-West coordination meeting on nuclear science
Порядковый номер временной организации и / или порядковый номер ее части 2
Дата проведения временной организации 2001
Место проведения временной организации Sandanski
Графика поля Латинская
Идентификатор авторитетной/нормативной записи RU\NLR\AUTH\8810042130
Системный номер авторитетной/нормативной записи 583663
801 #0 - ИСТОЧНИК ЗАПИСИ
Страна российская федерация
Организация NLR
Дата составления 20020823
Правила каталогизации PSBO
942 ## - ДОПОЛНИТЕЛЬНЫЕ ЭЛЕМЕНТЫ ЗАПИСИ (АБИС)
Тип экземпляра АБИС Книга
980 ## - КОЛЛЕКЦИЯ
Название коллекции Национальная библиография
Экземпляры
Тип экземпляра Дата поступления Источник поступления Библиотека постоянного хранения Библиотека текущего хранения Место хранения Шифр хранения Штрих-код Статус не для выдачи Публичное примечание
Книга 23.08.2002 Обязательный экземпляр РНБ (Московский) РНБ (Московский) Иностранный книжный фонд Ик 2002-6/139 1004137   ;